ՀՀ Գիտությունների ազգային ակադեմիայի հիմնարար գիտական գրադարան  =   Fundamental Scientific Library of NAS RA

Минералообразующие флюиды и рудогенез : (Record no. 211776)

MARC details
000 -LEADER
fixed length control field 01335nam a2200241 u 4500
001 - CONTROL NUMBER
control field 000550841
003 - CONTROL NUMBER IDENTIFIER
control field AM-YeHGA
005 - DATE AND TIME OF LATEST TRANSACTION
control field 20250617140022.0
008 - FIXED-LENGTH DATA ELEMENTS--GENERAL INFORMATION
fixed length control field 070919s1988 ||| r 000 0 rus d
020 ## - INTERNATIONAL STANDARD BOOK NUMBER
International Standard Book Number 5120010725
040 ## - CATALOGING SOURCE
Original cataloging agency AM-YeHGA
041 0# - LANGUAGE CODE
Language code of text/sound track or separate title rus
090 ## - LOCALLY ASSIGNED LC-TYPE CALL NUMBER (OCLC); LOCAL CALL NUMBER (RLIN)
-- 213288
245 00 - TITLE STATEMENT
Title Минералообразующие флюиды и рудогенез :
Remainder of title Материалы VII Всесоюз. совещ. по термобарометрии и геохимии рудообразующих флюидов (Львов, 30 сент. - 2 окт. 1985 г.) /
Statement of responsibility, etc. Редкол.: В.А. Калюжный (отв. ред.) и др.
260 ## - PUBLICATION, DISTRIBUTION, ETC.
Place of publication, distribution, etc. Киев :
Name of publisher, distributor, etc. Наук. думка,
Date of publication, distribution, etc. 1988.
300 ## - PHYSICAL DESCRIPTION
Extent 265 с. :
Other physical details [2] л. ил., ил.
504 ## - BIBLIOGRAPHY, ETC. NOTE
Bibliography, etc. note Библиогр. в конце докл.
550 ## - ISSUING BODY NOTE
Issuing body note АН УССР, Ин-т геологии и геохимии горючих ископаемых
653 0# - INDEX TERM--UNCONTROLLED
Uncontrolled term Флюиды (геол.) - Сборники
653 0# - INDEX TERM--UNCONTROLLED
Uncontrolled term Рудообразование - Связь с изверженными породами - Сборники
700 1# - ADDED ENTRY--PERSONAL NAME
Personal name Калюжный, Владимир Антонович
Relator term ред.
Relationship edt
711 2# - ADDED ENTRY--MEETING NAME
Meeting name or jurisdiction name as entry element Всесоюзное совещание по термобарометрии и геохимии рудообразующих флюидов
Holdings
Withdrawn status Lost status Damaged status Not for loan Collection Home library Current library Date acquired Total checkouts Full call number Barcode Date last seen Price effective from Koha item type Public note
        General Fundamental Scientific Library Fundamental Scientific Library 28/12/2016   PII/596375 FL0015974 28/12/2016 28/12/2016 Գրքեր / Books 30 Days Loan


ՀՀ ԳԱԱ հիմնարար գիտական գրադարան
ՀՀ,Երևան 0019
Մարշալ Բաղրամյան 24/6
հեռախոս:(374-10) 52-47-50
Հետադարձ կապ

All site content, except where otherwise noted, is licensed under a
Creative Commons License